Centanario del nacimiento de Don José Figuerez Ferrer /

Salvato in:
Dettagli Bibliografici
Autore principale: Arias Sánchez, Oscar
Natura: testo
Soggetti:
Tags: Aggiungi Tag
Nessun Tag, puoi essere il primo ad aggiungerne!!

MARC

LEADER 00000 a a2200000 04500
001 16869
003
040
100 |a Arias Sánchez, Oscar  
245 |a Centanario del nacimiento de Don José Figuerez Ferrer /  |c Oscar Arias Sánchez 
650 |a POLITICA  
650 |a JEFE DE ESTADO  
650 |a COSTA RICA  
773 |g volumen 14, número 1,2,3; páginas 119-124  
999 |c 21443  |d 21443